[Event "Steinfurt Bezirksklasse 0910"]
[Site "Germany"]
[Date "2009.09.26"]
[Round "1.5"]
[White "Sowa, Rudolf"]
[Black "Kleist, Fred"]
[Result "1/2-1/2"]
[WhiteElo "1591"]
[BlackElo "1047"]
[PlyCount "34"]
[EventDate "2009.09.26"]
[EventType "team-tourn"]
[EventRounds "7"]
[EventCountry "GER"]
[SourceTitle "EXT 2011"]
[Source "ChessBase"]
[SourceDate "2010.11.26"]
[SourceVersion "1"]
[SourceVersionDate "2010.11.26"]
[SourceQuality "1"]
[WhiteTeam "Emsdetten Rochade III"]
[BlackTeam "Westerkappeln II"]
[WhiteTeamCountry "GER"]
[BlackTeamCountry "GER"]

1. e4 d6 2. c3 e5 3. Nf3 b6 4. Be2 Ba6 5. d3 Nf6 6. 0-0 Be7 7. Bg5 Nfd7 8. Bxe7 Qxe7 9. Nbd2 0-0 10. a3 Bb7 11. Rc1 h6 12. Qc2 Nc6 13. b4 a6 14. Nc4 a5 15. Ne3 Qd8 16. Nf5 Qf6 17. b5 Ne7 1/2-1/2

[Event "Muensterland Verbandsklasse-B 0506"]
[Site "Germany"]
[Date "2006.03.25"]
[Round "3.8"]
[White "Kleist, Fred"]
[Black "Koch, Achim"]
[Result "0-1"]
[WhiteElo "1159"]
[BlackElo "1562"]
[PlyCount "40"]
[EventDate "2005.09.03"]
[EventType "team"]
[EventRounds "9"]
[EventCountry "GER"]
[SourceTitle "EXT 2006"]
[Source "ChessBase"]
[SourceDate "2005.11.24"]
[SourceVersion "1"]
[SourceVersionDate "2005.11.24"]
[SourceQuality "1"]
[WhiteTeam "Westerkappeln"]
[BlackTeam "Metelen"]
[WhiteTeamCountry "GER"]
[BlackTeamCountry "GER"]

1. e4 b6 2. d4 Bb7 3. Bd3 e6 4. a3 Nf6 5. Nc3 c5 6. e5 Bxg2 7. exf6 Bxh1 8. f3 Qxf6 9. Nb5 Qh4+ 10. Kd2 Qf4+ 11. Kc3 cxd4+ 12. Kb3 Qxh2 13. Nxd4 Nc6 14. Nxc6 dxc6 15. Qf1 Bc5 16. Nh3 Bg2 17. Qe1 Qxh3 18. Be4 Bxf3 19. c3 Qg2 20. Bxf3 Qxf3 0-1

[Event "Steinfurt Bezirksklasse 0405"]
[Site "Germany"]
[Date "2005.05.07"]
[Round "10.5"]
[White "Schneider, Karl Heinz"]
[Black "Kleist, Fred"]
[Result "1-0"]
[WhiteElo "1388"]
[BlackElo "1200"]
[PlyCount "39"]
[EventDate "2004.09.18"]
[EventType "team-tourn"]
[EventRounds "11"]
[EventCountry "GER"]
[SourceTitle "EXT 2006"]
[Source "ChessBase"]
[SourceDate "2005.11.24"]
[SourceVersion "1"]
[SourceVersionDate "2005.11.24"]
[SourceQuality "1"]
[WhiteTeam "Reckenfeld II"]
[BlackTeam "Westerkappeln II"]
[WhiteTeamCountry "GER"]
[BlackTeamCountry "GER"]

1. e4 e5 2. Nf3 Nf6 3. d3 d6 4. Be2 Be7 5. Nc3 Be6 6. h3 c6 7. 0-0 0-0 8. Nh2 d5 9. exd5 cxd5 10. Bf3 Qd7 11. Re1 Nc6 12. a3 a6 13. b4 Bd6 14. Bg5 Qe7 15. Bxd5 Bxd5 16. Nxd5 Qe6 17. Nxf6+ gxf6 18. Bh6 Rfe8 19. Qg4+ Kh8 20. Qg7# 1-0

[Event "Steinfurt Bezirksklasse 0304"]
[Site "Germany"]
[Date "2004.04.24"]
[Round "9.5"]
[White "Kleist, Fred"]
[Black "Raus, Christina"]
[Result "0-1"]
[WhiteElo "1176"]
[BlackElo "1003"]
[PlyCount "59"]
[EventDate "2003.09.27"]
[EventType "team-tourn"]
[EventRounds "11"]
[EventCountry "GER"]
[SourceTitle "EXT 2005"]
[Source "ChessBase"]
[SourceDate "2004.11.15"]
[SourceVersion "1"]
[SourceVersionDate "2004.11.15"]
[SourceQuality "1"]
[WhiteTeam "Westerkappeln II"]
[BlackTeam "Steinfurt IV"]
[WhiteTeamCountry "GER"]
[BlackTeamCountry "GER"]

1. d4 d5 2. Nf3 Nc6 3. Nc3 Bf5 4. e3 Nb4 5. Bd3 Nxd3+ 6. cxd3 Nf6 7. e4 dxe4 8. Ne5 Qxd4 9. Qa4+ Qxa4 10. Nxa4 e6 11. 0-0 Bd6 12. Nc4 exd3 13. Nc3 a6 14. g3 0-0 15. a3 Ne4 16. Bd2 b5 17. Nxe4 Bxe4 18. Nxd6 cxd6 19. Rfe1 d5 20. Re3 Rac8 21. f3 Bg6 22. Bb4 Rfe8 23. Ree1 Rc2 24. Red1 Rec8 25. Bd2 Rxb2 26. Rab1 Rxb1 27. Rxb1 Rc2 28. Rd1 e5 29. Kf2 e4 30. Re1 0-1

[Event "Steinfurt Bezirksklasse 0304"]
[Site "Germany"]
[Date "2003.10.11"]
[Round "2.6"]
[White "Kleist, Fred"]
[Black "Gausmann, Gregor"]
[Result "1/2-1/2"]
[WhiteElo "1176"]
[BlackElo "1140"]
[PlyCount "42"]
[EventDate "2003.09.27"]
[EventType "team-tourn"]
[EventRounds "11"]
[EventCountry "GER"]
[SourceTitle "EXT 2005"]
[Source "ChessBase"]
[SourceDate "2004.11.15"]
[SourceVersion "1"]
[SourceVersionDate "2004.11.15"]
[SourceQuality "1"]
[WhiteTeam "Westerkappeln II"]
[BlackTeam "Rheine CC"]
[WhiteTeamCountry "GER"]
[BlackTeamCountry "GER"]

1. e4 e5 2. Nf3 Nf6 3. Nc3 d6 4. h3 Nc6 5. d4 exd4 6. Nxd4 Nxd4 7. Qxd4 h6 8. Bb5+ Bd7 9. e5 dxe5 10. Qxe5+ Qe7 11. Qe2 Qxe2+ 12. Bxe2 Bd6 13. 0-0 0-0 14. Re1 Rae8 15. a3 Bc6 16. Be3 a6 17. b4 b5 18. Bc5 Bxc5 19. bxc5 Ne4 20. Na2 Nxc5 21. Nb4 Bb7 1/2-1/2